|
|
|
|
| LEADER |
00000naa0a2200000 4500 |
| 001 |
595622 |
| 005 |
20250307142326.0 |
| 035 |
|
|
|a (RuTPU)RU\TPU\tpu\16995
|
| 035 |
|
|
|a RU\TPU\tpu\16818
|
| 090 |
|
|
|a 595622
|
| 100 |
|
|
|a 20091218d1973 k y0rusy50 ca
|
| 101 |
0 |
|
|a rus
|
| 102 |
|
|
|a RU
|
| 200 |
1 |
|
|a Рассеяние релятивистских позитронов монокристаллами кремния
|f А. А. Воробьев [и др.]
|
| 333 |
|
|
|a В фонде НТБ ТПУ отсутствует
|
| 463 |
|
|
|t Труды lV Всесоюзного совещания по физике взаимодействия заряженных частиц с монокристаллами
|v С. 238-245
|d 1973
|
| 610 |
1 |
|
|a труды учёных ТПУ
|
| 701 |
|
1 |
|a Воробьев
|b А. А.
|c российский физик
|c ректор Томского политехнического института, профессор
|f 1909-1981
|g Александр Акимович
|3 (RuTPU)RU\TPU\pers\12805
|4 070
|
| 701 |
|
1 |
|a Тимошников
|b Ю. А.
|
| 701 |
|
1 |
|a Воробьев
|b С. А.
|c российский ученый, физик
|c старший научный сотрудник НИИ ядерной физики Томского политехнического университета
|f 1944-1992
|g Сергей Александрович
|3 (RuTPU)RU\TPU\pers\19776
|
| 701 |
|
1 |
|a Кудрин
|b В. В.
|
| 801 |
|
1 |
|a RU
|b 63413507
|c 20091113
|
| 801 |
|
2 |
|a RU
|b 63413507
|c 20091219
|g RCR
|
| 942 |
|
|
|c BK
|